Contributions to the pleistocene history of Oregon, (Record no. 26069)

MARC details
000 -LEADER
fixed length control field 00881cam a22002651 4500
001 - CONTROL NUMBER
control field gs 21000067
003 - CONTROL NUMBER IDENTIFIER
control field DLC
005 - DATE AND TIME OF LATEST TRANSACTION
control field 20260227111325.0
008 - FIXED-LENGTH DATA ELEMENTS--GENERAL INFORMATION
fixed length control field 870529s1920 oru 000 0 eng c
010 ## - LIBRARY OF CONGRESS CONTROL NUMBER
LC control number gs 21000067
035 ## - SYSTEM CONTROL NUMBER
System control number (OCoLC)15748684
040 ## - CATALOGING SOURCE
Original cataloging agency Library, U.S. Geological Survey
Transcribing agency TNJ
Modifying agency TNJ
-- DLC
042 ## - AUTHENTICATION CODE
Authentication code premarc
050 00 - LIBRARY OF CONGRESS CALL NUMBER
Classification number QE690
Item number .M3
100 1# - MAIN ENTRY--PERSONAL NAME
Personal name McCornack, Ellen Condon,
Titles and words associated with a name Mrs.
245 10 - TITLE STATEMENT
Title Contributions to the pleistocene history of Oregon,
Statement of responsibility, etc. by Ellen Condon McCornack.
260 ## - PUBLICATION, DISTRIBUTION, ETC.
Place of publication, distribution, etc. Eugene, Ore.,
Date of publication, distribution, etc. 1920.
300 ## - PHYSICAL DESCRIPTION
Extent 22 p.
Other physical details incl. 2 maps. tab.
Dimensions 26 cm.
490 0# - SERIES STATEMENT
Series statement Oregon. University leaflet series. Geology bulletin,
Volume/sequential designation v. 6: no. 3, pt. 2. Oct., 1920
500 ## - GENERAL NOTE
General note Cover-title.
650 #0 - SUBJECT ADDED ENTRY--TOPICAL TERM
Topical term or geographic name entry element Geology, Stratigraphic
Chronological subdivision Pleistocene.
650 #0 - SUBJECT ADDED ENTRY--TOPICAL TERM
Topical term or geographic name entry element Paleontology
Chronological subdivision Pleistocene.
650 #0 - SUBJECT ADDED ENTRY--TOPICAL TERM
Topical term or geographic name entry element Geology
Geographic subdivision Oregon.
650 #0 - SUBJECT ADDED ENTRY--TOPICAL TERM
Topical term or geographic name entry element Paleontology
Geographic subdivision Oregon.

No items available.

Powered by Koha